000 00623nam a2200217Ia 4500
003 OSt
005 20220916111042.0
006 a|||||r|||| 00| 0
007 ta
008 220915b |||||||| |||| 00| 0 eng d
024 _a244696
037 _cTextbook
040 _beng
_aARTS
_cARTS
041 _aeng
082 _aX62.613, K2
245 0 _aFederation of Rhodesia and Nyasaland:report of the registrar of banks and financial institutions
260 _aFederal
_bAssambly Federation of Rhodesia and Nyasaland
650 _aECONOMICS
942 _hX62.613, K2
_cTB
_2CC
999 _c104641
_d104641